• 首页
  • 本馆介绍
  • 公告通知
  • 最新文献
  • 馆藏检索
  • 电子资源
  • 读者导购
  • 参考咨询
  • 我的图书馆
  • 登录
  • 详细信息显示
  • 放入我的书架
  • 预约/预借图书
  • 作者相关作品
  • 分类相关作品
  • 丛书相关作品
  • 出版社相关作品

书目信息

  • 表格格式
  • 工作单格式
  • 卡片格式
题名:
建筑防水材料
    
 
作者: 杨胜 编著
分册:  
出版信息: 北京   中国建筑工业出版社  2007
页数: 21,434页
开本: 21cm
丛书名: 化学建材系列丛书
单 册:
中图分类: TU57
科图分类:
主题词: 建筑材料--防水材料 , 建筑材料 , 防水材料
电子资源:
ISBN: 978-7-112-09128-7
000 00929oam2 2200289 450
001 003447525
005 20120628152935.32
010    @a978-7-112-09128-7@dCNY35.00
100    @a20070327d2007 em y0chiy0110 ea
101 0  @achi
102    @aCN@b110000
105    @ay z 000yy
106    @ar
200 1  @a建筑防水材料@9jian zhu fang shui cai liao@f杨胜[等]编著
210    @a北京@c中国建筑工业出版社@d2007
215    @a21,434页@d21cm
225 2  @a化学建材系列丛书
304    @a编著者还有:袁大伟、张福中、朱志远、吕联亚
330    @a本书介绍了新型建筑材料防水卷材、新型建筑防水涂料、新型建筑密封材料、新型建筑堵漏止水材料、施工技术和质量控制、渗漏治理等内容。
461  0 @12001 @a化学建材系列丛书
606 0  @a建筑材料@x防水材料
606 0  @a建筑材料
606 0  @a防水材料
690    @aTU57@v4
701  0 @a杨胜@9yang sheng@c(防水材料)@4编著
801  0 @aCN@bNLC@c20070807
905    @b541629-33@dTU57@e556@f5
    
    建筑防水材料/杨胜[等]编著.-北京:中国建筑工业出版社,2007
    21,434页;21cm.-(化学建材系列丛书)
    
    
    ISBN 978-7-112-09128-7:CNY35.00
    本书介绍了新型建筑材料防水卷材、新型建筑防水涂料、新型建筑密封材料、新型建筑堵漏止水材料、施工技术和质量控制、渗漏治理等内容。
●
相关链接 在E读中查询图书 在五车中查询图书 在当当中查询图书 在豆瓣中查询图书


正题名:建筑防水材料     索取号:TU57/556         预约/预借

序号 登录号 条形码 馆藏地/架位号 状态 备注
1 541629   205416290   第二样本阅览室/ [索取号:TU57/556] 在馆    
2 541630   205416307   第三借阅区/ [索取号:TU57/556] 在馆    
3 541631   205416316   第三借阅区/ [索取号:TU57/556] 在馆    
4 541632   205416325   第三借阅区/ [索取号:TU57/556] 在馆    
5 541633   205416334   第三借阅区/ [索取号:TU57/556] 在馆    
唐山师范学院图书馆 欢迎您!
大连网信软件有限公司© 版权所有